Control theory of partial differential equations / (Record no. 28890)

000 -LEADER
fixed length control field 00857 a2200229 4500
020 ## - INTERNATIONAL STANDARD BOOK NUMBER
International Standard Book Number 0824725468
020 ## - INTERNATIONAL STANDARD BOOK NUMBER
International Standard Book Number 9780824725464
082 04 - DEWEY DECIMAL CLASSIFICATION NUMBER
Classification number 515.353
090 ## - LOCALLY ASSIGNED LC-TYPE CALL NUMBER (OCLC); LOCAL CALL NUMBER (RLIN)
-- 255
-- 255
100 ## - MAIN ENTRY--PERSONAL NAME
Personal name Leugering, Guenter
245 10 - TITLE STATEMENT
Title Control theory of partial differential equations /
Statement of responsibility, etc. Guenter Leugering, Oleg Imanuvilov, Bing-Yu Zhang, Roberto Triggiani.
260 ## - PUBLICATION, DISTRIBUTION, ETC.
Place of publication, distribution, etc. [S.l.] :
Name of publisher, distributor, etc. Chapman and Hall/CRC,
Date of publication, distribution, etc. 2005.
300 ## - PHYSICAL DESCRIPTION
Extent 416 p. ;
Dimensions 25 cm.
490 1# - SERIES STATEMENT
Series statement Lecture notes in pure and applied mathematics.
700 1# - ADDED ENTRY--PERSONAL NAME
Personal name Leugering, Guenter.
700 1# - ADDED ENTRY--PERSONAL NAME
Personal name Imanuvilov, Oleg.
700 1# - ADDED ENTRY--PERSONAL NAME
Personal name Zhang, Bing-Yu.
700 1# - ADDED ENTRY--PERSONAL NAME
Personal name Triggiani, Roberto.
830 #0 - SERIES ADDED ENTRY--UNIFORM TITLE
Uniform title Lecture notes in pure and applied mathematics.
942 ## - ADDED ENTRY ELEMENTS (KOHA)
Institution code [OBSOLETE] SNS
Koha item type Book
Call number prefix 515.353 IMA
Holdings
Withdrawn status Lost status Damaged status Not for loan Permanent Location Current Location Date acquired Total Checkouts Full call number Barcode Date last seen Price effective from Koha item type
        School of Natural Sciences (SNS) School of Natural Sciences (SNS) 05/26/2016   515.353 IMA SNS0000162 05/26/2016 05/26/2016 Book
© 2023 Central Library, National University of Sciences and Technology. All Rights Reserved.